000 01159nam a22002295i 4500
001 153445
003 ES-MaACL
005 20230906205228.0
008 980825s1720 it |||| | lat d
040 _aAR
_bspa
_cAR
100 1 _aDesirant, Bernard
_c(O.E.S.A.)
_9222039
245 1 0 _aConsilium pietatis de non sequendis errantibus sed corrigentibus
_b: juxta retractationes primae obedientiae Concilii Constantiensis ejusdemque Concilii historia restaurata /
_cper P.M.F. Bernardum Desirant Ord. Erem. S.P. Augustini ... ; tomus secundus.
260 _aRomae :
_bapud Jo. Mariam Salvioni ...,
_c1720.
300 _aIV [i.e. VI], [2] en bl., 227 p., [1] en bl. ;
_c4º.
597 _aSign.: a\p4\s, A-Z\p4\s, 2A-2D\p4\s, 2E\p6\s.
597 _aErrores tip. en la paginación, IV en vez de VI, en cuaderno 2D p. 114-115 en vez de 214-215 y en cuaderno 2E p. 121-124 en vez de 221-224, p. 252 en vez de 225.
597 _aPort. a dos tintas con esc. grab. calc., con los atributos papales.
700 1 _aSalvioni, Giovanni Maria,
_eimp.
_9132355
752 _aItalia -
_dRoma
852 _aES-MaACL
_jR-3367(2)
_z-- Enc. perg.
999 _c153445
_d153445